000 00197nam a2200109Ia 4500
100 _aRob/Peter
942 _cBK
245 _aDatabase systems
260 _b#N/A
546 _aENGLISH
999 _c21068
_d21068